Normal view
MARC view
- Witts, Alfred T
Entry Personal Name
001 - CONTROL NUMBER
- control field: 6812
003 - CONTROL NUMBER IDENTIFIER
- control field: OSt
005 - DATE AND TIME OF LATEST TRANSACTION
- control field: 20250106151608.0
008 - FIXED-LENGTH DATA ELEMENTS
- fixed length control field: 250106|| aca||aabn | a|a d
040 ## - CATALOGING SOURCE
- Original cataloging agency: OSt
- Transcribing agency: OSt
100 ## - HEADING--PERSONAL NAME
- Personal name: Witts, Alfred T
670 ## - SOURCE DATA FOUND
- Source citation: Work cat.: (OSt)1424: Witts, Alfred T., Thermionic valve in modern radio receivers / , 1947.
